Hoá học phân tích Ph. 3 Các phương pháp định lượng hoá học

Đối tượng, nhiệm vụ của phân tích định lượng. Biểu diễn và đánh giá kết quả phân tích định lượng. Đại cương về phân tích thể tích. Phương pháp chuẩn độ axít-bazơ, chuẩn độ oxy hoá-khử, chuẩn độ tạo phức, chuẩn độ kết tủa. Phương pháp phân tích khối lượng...

সম্পূর্ণ বিবরণ

সংরক্ষণ করুন:
গ্রন্থ-পঞ্জীর বিবরন
প্রধান লেখক: Nguyễn Trinh Dung
বিন্যাস: গ্রন্থ
ভাষা:Vietnamese
প্রকাশিত: H. Giáo dục 1981
মালা:Sách đại học sư phạm
বিষয়গুলি:
ট্যাগগুলো: ট্যাগ যুক্ত করুন
কোনো ট্যাগ নেই, প্রথমজন হিসাবে ট্যাগ করুন!
Thư viện lưu trữ: Mạng thư viện Đại học Đà Nẵng
LEADER 01309nam a22003378a 4500
001 000008774
003 4966
005 20111020141014.0
008 111020s1981 b 000 0 vieod
020 |c 7,50đ  |d 7000b 
041 0 |a vie 
084 |a D  |b H401H 
100 1 |a Nguyễn Trinh Dung 
245 1 0 |a Hoá học phân tích  |c Nguyễn Trinh Dung  |n Ph. 3  |p Các phương pháp định lượng hoá học 
260 |a H.  |b Giáo dục  |c 1981 
300 |a 283tr  |c 20cm 
490 |a Sách đại học sư phạm 
505 |a Ph. 3: Các phương pháp định lượng hoá học 
520 |a Đối tượng, nhiệm vụ của phân tích định lượng. Biểu diễn và đánh giá kết quả phân tích định lượng. Đại cương về phân tích thể tích. Phương pháp chuẩn độ axít-bazơ, chuẩn độ oxy hoá-khử, chuẩn độ tạo phức, chuẩn độ kết tủa. Phương pháp phân tích khối lượng 
653 |a Định lượng hoá học 
653 |a phương pháp 
653 |a hoá học phân tích 
653 |a giáo trình 
OWN |a LSP 
999 |a From the UDN01 
TYP |a Monograph 
TYP |a Printed language 
980 |a Mạng thư viện Đại học Đà Nẵng